=LDR 00000nam 2200000 4500 =001 INLIS000000000032737 =005 20130612134731 =008 ***********************************ind** =035 ##$$0010-061300000032737 =041 ##$$a ind =082 ##$$a 658.8 =090 ##$$a 658.8, Kar o =100 ##$$a Kartajaya, Hermawan =245 ##$$a On Service Seri 9 Elemen Marketing Mark Plus =260 ##$$a 2006 $b Bandung =300 ##$$a 229 hlm, Ilus, 21 cm =650 ##$$a Manajemen Pemasaran =850 ##$$a NBPNMAT